|
|
|
|
| LEADER |
00000nab a2200000 a 4500 |
| 001 |
vtls000480165 |
| 003 |
SK-MaSNL |
| 005 |
20260303202228.0 |
| 008 |
120927c1993 xo 0 slo |
| 015 |
|
|
|a SNBRB19rr/mm-uuuuu
|
| 035 |
|
|
|a CL0480300
|
| 040 |
|
|
|a SNKBUCL
|b slo
|c SNKBUCL
|e AACR2
|
| 041 |
0 |
|
|a slo
|
| 044 |
|
|
|a xo
|c SK
|
| 080 |
|
|
|a 061.66:378.3
|2 1981
|
| 080 |
|
|
|a 378.3
|2 1981
|
| 100 |
1 |
|
|a Bunčáková, Hilda,
|d 1944-
|4 aut
|9 185532
|
| 245 |
1 |
0 |
|a Viete, čo je to SAIA?
|c Hilda Bunčáková, Lýdia Čelková
|
| 300 |
|
|
|b Fotogr. 1
|
| 610 |
2 |
7 |
|a Slovenská akademická informačná agentúra
|2 snkbucl
|9 30758
|
| 655 |
|
7 |
|a články z novín a časopisov
|2 snkbucl
|9 267496
|
| 700 |
1 |
|
|a Čelková, Ľudmila,
|d 1944-
|4 aut
|9 97615
|
| 773 |
0 |
|
|t Knižná revue
|g Roč. 3, č. 4 (1993), s. 9
|
| 850 |
|
|
|a Slovenská národná knižnica v Martine
|a MTA001
|
| 852 |
|
|
|a SNK
|b KIS3GCP
|
| 958 |
|
|
|a RK
|
| 992 |
|
|
|a RBX
|
| 999 |
|
|
|c 2178405
|d 2180335
|